| 000 | 00979nam a2200301Ia 4500 | ||
|---|---|---|---|
| 001 | 86526 | ||
| 003 | IT-RoPAU | ||
| 008 | 130308s9999 xx 000 0 und d | ||
| 040 | _aIT-RoPAU | ||
| 040 | _cIT-RoPAU | ||
| 041 | _aSPAGNOLO | ||
| 100 | _aVentin Pereira José Augusto | ||
| 100 | _gCodice Aut. SPICS: 30778 | ||
| 245 | _aGuerra de la radio (1936-1939) (La) | ||
| 245 | _bGuerra de la Radio (1936-1939) (La) | ||
| 250 | _a1a ed. | ||
| 260 | _aBARCELONA | ||
| 260 | _bMitre | ||
| 260 | _c1986 [1° Ed.:1986 - Ed.Ling.Originale:1986] | ||
| 300 | _a"270 p. (prefazione: no ; testo: 270 [pagine: 0-0])" | ||
| 500 | _aGuerra e Radio Contorno radiofonico nella Guerra Civile Programmazione della Radio in Guerra Radio Come Strumento Bellico di Informazione e propaganda Politica e censura dell'Informazione | ||
| 650 | _aSTORIA NAZIONALE DELLA RADIO | ||
| 650 | _eCodice materia Spics: 6909 | ||
| 942 | _cBK | ||
| 957 | _71 | ||
| 999 |
_c72902 _d72902 |
||
| 999 | _bSI | ||
| 999 | _g1 | ||